| 000 | 00850nam a2200265 a 4500 | ||
|---|---|---|---|
| 001 | 3558239 | ||
| 003 | OSt | ||
| 005 | 20150916101634.0 | ||
| 008 | 971009s1987 si a 001 0 eng | ||
| 010 | _a 97947756 | ||
| 020 | _a9971401169 | ||
| 025 | _aTh-E-20886 | ||
| 040 | _aSEKU | ||
| 042 | _alcode | ||
| 043 | _aa-th--- | ||
| 050 | 0 | 0 |
_aDS 566.2 _b.T46 1987 |
| 245 | 0 | 0 |
_aThailand : _bseven days in the kingdom _cphotographed by fifty of the world's great photographers during the week of March 2-9, 1987 ; text by William Warren with a foreword by Gore Vidal. |
| 260 |
_aSingapore : _bTimes Editions, _cc1987. |
||
| 300 |
_a288 p. : _bchiefly col. ill. ; _c36 cm. |
||
| 500 | _aIncludes index. | ||
| 651 | 0 |
_aThailand _xPictorial works. |
|
| 700 | 1 |
_aWarren, William, _d1930- |
|
| 710 | 2 | _aTimes Editions (Singapore) | |
| 942 |
_2lcc _cGEN |
||
| 999 |
_c8949 _d8949 |
||